[Event "Hajduszoboszlo op 2nd"]
[Site "Hajduszoboszlo"]
[Date "2024.02.09"]
[Round "2"]
[White "Nagy, Gabor2"]
[Black "Tamas, Kornel"]
[Result "1-0"]
[WhiteElo "1793"]
[BlackElo "2008"]
[PlyCount "49"]
[EventDate "2024.02.08"]
[EventType "swiss"]
[EventRounds "7"]
[EventCountry "HUN"]
[SourceTitle "CB08_2024"]
[SourceDate "2024.02.21"]
[SourceVersion "1"]
[SourceVersionDate "2024.02.21"]
[SourceQuality "1"]

1. e4 c5 2. Nf3 Nc6 3. Bc4 e6 4. 0-0 a6 5. a4 Nge7 6. e5 Ng6 7. Re1 d6 8. exd6 Bxd6 9. c3 Nge5 10. Na3 0-0 11. Nxe5 Bxe5 12. d3 Qc7 13. g3 b6 14. Qg4 Bf6 15. Bg5 Bxg5 16. Qxg5 Bb7 17. Re4 h6 18. Qh5 Na5 19. Rf4 Qc6 20. f3 Rad8 21. Rf1 Nxc4 22. Nxc4 Rxd3 23. Ne5 Qd5 24. Rxf7 Rd8 25. Rxg7+ 1-0

[Event "HUN-ch Rapid"]
[Site "Ajka"]
[Date "2021.07.18"]
[Round "10"]
[White "Tamas, Kornel"]
[Black "Zentai, Peter1111"]
[Result "0-1"]
[WhiteElo "2069"]
[BlackElo "2284"]
[PlyCount "85"]
[EventDate "2021.07.16"]
[EventType "swiss (rapid)"]
[EventRounds "13"]
[EventCountry "HUN"]
[SourceTitle "CBM 203 Extra"]
[Source "ChessBase"]
[SourceDate "2021.09.30"]
[SourceVersion "1"]
[SourceVersionDate "2021.09.30"]
[SourceQuality "1"]

1. d4 d5 2. Nf3 Nf6 3. Bf4 c5 4. e3 e6 5. Nbd2 Nc6 6. c3 cxd4 7. exd4 Nh5 8. Be3 Bd6 9. Ne5 g6 10. Nxc6 bxc6 11. g3 0-0 12. Be2 Ng7 13. Bh6 Re8 14. Bxg7 Kxg7 15. f4 c5 16. Nf3 Rb8 17. Qd2 Qb6 18. Rb1 cxd4 19. Qxd4+ f6 20. Qxb6 Rxb6 21. 0-0 e5 22. fxe5 fxe5 23. Rfd1 Bf5 24. Ra1 Rxb2 25. Rxd5 Bc7 26. Rd2 Reb8 27. Rad1 Bb6+ 28. Kg2 Be3 29. Rxb2 Rxb2 30. Kf1 Bh3+ 31. Ke1 Bg4 32. h3 Bxh3 33. Nxe5 Rxa2 34. Rd3 Ra1+ 35. Bd1 Bb6 36. g4 Bg2 37. Kd2 Ra2+ 38. Kc1 Be4 39. Rd7+ Kf6 40. Nc4 Bf2 41. Bb3 Re2 42. Rxa7 Bxa7 43. Nd2 0-1

[Event "HUN-chT2 Toth 1819"]
[Site "Hungary"]
[Date "2018.10.07"]
[Round "2.2"]
[White "Tamas, Kornel"]
[Black "Karsai, Istvan"]
[Result "0-1"]
[WhiteElo "2023"]
[BlackElo "2070"]
[PlyCount "76"]
[EventDate "2018.09.23"]
[EventType "team-tourn"]
[EventRounds "11"]
[EventCountry "HUN"]
[SourceTitle "EXT 2021"]
[Source "ChessBase"]
[SourceDate "2020.10.23"]
[SourceVersion "1"]
[SourceVersionDate "2020.10.23"]
[SourceQuality "1"]
[WhiteTeam "Gyula"]
[BlackTeam "Felegyhaza Csongrad"]
[WhiteTeamCountry "HUN"]
[BlackTeamCountry "HUN"]

1. d4 Nf6 2. Nf3 g6 3. g3 Bg7 4. Bg2 0-0 5. 0-0 d6 6. c4 a6 7. Nc3 Nc6 8. h3 Rb8 9. d5 Na5 10. Qd3 c5 11. Nd2 Bd7 12. Nb3 b5 13. Nxa5 Qxa5 14. a3 Qc7 15. e4 bxc4 16. Qxc4 Bb5 17. Nxb5 axb5 18. Qc2 Rfc8 19. Bd2 Nd7 20. Bc3 b4 21. Bxg7 Kxg7 22. Rfc1 Qb7 23. b3 bxa3 24. Qc3+ f6 25. Rxa3 Ra8 26. Rca1 Rxa3 27. Rxa3 Ra8 28. Qa1 Rxa3 29. Qxa3 Ne5 30. f4 Nd3 31. Bf1 Qb6 32. Bxd3 c4+ 33. Kf1 cxd3 34. Qc1 Qxb3 35. Qe3 Qd1+ 36. Kf2 d2 37. e5 fxe5 38. fxe5 Qc2 0-1

[Event "HUN-chT2 Toth 1718"]
[Site "Hungary"]
[Date "2017.12.03"]
[Round "5.3"]
[White "Papp, Bence"]
[Black "Tamas, Kornel"]
[Result "0-1"]
[WhiteElo "1966"]
[BlackElo "2016"]
[PlyCount "70"]
[EventDate "2017.09.24"]
[EventType "team-tourn"]
[EventRounds "11"]
[EventCountry "HUN"]
[SourceTitle "EXT 2021"]
[Source "ChessBase"]
[SourceDate "2020.10.23"]
[SourceVersion "1"]
[SourceVersionDate "2020.10.23"]
[SourceQuality "1"]
[WhiteTeam "Szeged Meritum"]
[BlackTeam "Gyula"]
[WhiteTeamCountry "HUN"]
[BlackTeamCountry "HUN"]

1. e4 e6 2. d4 d5 3. Nc3 Bb4 4. e5 c5 5. Bd2 cxd4 6. Nb5 Bxd2+ 7. Qxd2 Nc6 8. Nf3 h6 9. Bd3 f5 10. Nbxd4 Nge7 11. h4 Qb6 12. 0-0 0-0 13. Nb3 Bd7 14. Rfe1 Rac8 15. c3 a5 16. Qe3 Qc7 17. Nfd4 Nxd4 18. Nxd4 Qc5 19. Nf3 b6 20. Rab1 a4 21. Nd4 a3 22. bxa3 Qxc3 23. Rxb6 f4 24. Bh7+ Kxh7 25. Qxc3 Rxc3 26. Nxe6 Bxe6 27. Rxe6 Nf5 28. Rd1 d4 29. Ra6 d3 30. Kf1 Rd8 31. Ke1 Rc2 32. Rd2 Rc1+ 33. Rd1 d2+ 34. Ke2 Nd4+ 35. Kxd2 Nb3+ 0-1

[Event "HUN-chT2 Toth 1314"]
[Site "Hungary"]
[Date "2013.11.17"]
[Round "5.5"]
[White "Tamas, Kornel"]
[Black "Lenart, Janos"]
[Result "1-0"]
[WhiteElo "1985"]
[BlackElo "2048"]
[PlyCount "55"]
[EventDate "2013.09.08"]
[EventType "team-tourn"]
[EventRounds "11"]
[EventCountry "HUN"]
[SourceTitle "EXT 2016"]
[Source "ChessBase"]
[SourceDate "2015.10.08"]
[SourceVersion "1"]
[SourceVersionDate "2015.10.08"]
[SourceQuality "1"]
[WhiteTeam "Gyula"]
[BlackTeam "Kecskemet Takisz"]
[WhiteTeamCountry "HUN"]
[BlackTeamCountry "HUN"]

1. d4 d5 2. Nf3 c6 3. g3 e6 4. Bg2 f5 5. Nbd2 Nf6 6. Ne5 Bd6 7. Ndf3 0-0 8. 0-0 Bd7 9. b3 Be8 10. Nd3 Nbd7 11. Bb2 Bh5 12. Nfe5 Qe7 13. c4 Ng4 14. Qd2 Ngxe5 15. dxe5 Bc7 16. Rac1 Rac8 17. Kh1 Rfd8 18. Qc2 dxc4 19. bxc4 Ba5 20. Nf4 Bf7 21. e4 g5 22. Nxe6 Bxe6 23. exf5 Nc5 24. fxe6 Rd2 25. Qb1 Nd3 26. Rc2 Qb4 27. Rxd2 Qxd2 28. Bd4 1-0

[Event "HUN-chT2 Toth 1213"]
[Site "Hungary"]
[Date "2013.01.27"]
[Round "6.5"]
[White "Tamas, Kornel"]
[Black "Varga, Laszlo"]
[Result "1/2-1/2"]
[WhiteElo "1997"]
[BlackElo "2199"]
[PlyCount "59"]
[EventDate "2012.09.16"]
[EventType "team-tourn"]
[EventRounds "11"]
[EventCountry "HUN"]
[SourceTitle "EXT 2014"]
[Source "ChessBase"]
[SourceDate "2013.11.20"]
[SourceVersion "1"]
[SourceVersionDate "2013.11.20"]
[SourceQuality "1"]
[WhiteTeam "Gyula"]
[BlackTeam "Ujszasz"]
[WhiteTeamCountry "HUN"]
[BlackTeamCountry "HUN"]

1. d4 c5 2. Nf3 cxd4 3. Nxd4 Nc6 4. g3 g6 5. Bg2 Bg7 6. c3 Nf6 7. e4 0-0 8. 0-0 a6 9. Na3 Qc7 10. h3 d6 11. Nac2 Bd7 12. Bd2 Rad8 13. Qc1 Ne5 14. Ne3 Nc4 15. Nxc4 Qxc4 16. Re1 e5 17. Nb3 Be6 18. Bh6 Rfe8 19. Bxg7 Kxg7 20. Qe3 Qc7 21. Rad1 Nd7 22. Nc1 Nc5 23. b3 f6 24. Nd3 a5 25. Rd2 Nd7 26. Red1 Nb8 27. Nb2 Re7 28. Na4 b5 29. Nb6 Nc6 30. Nd5 1/2-1/2

[Event "HUN-chT2 Toth 1112"]
[Site "Hungary"]
[Date "2012.03.11"]
[Round "7.7"]
[White "Tamas, Kornel"]
[Black "Diamant, Tibor"]
[Result "1-0"]
[WhiteElo "1953"]
[BlackElo "2104"]
[PlyCount "63"]
[EventDate "2011.09.25"]
[EventType "team-tourn"]
[EventRounds "11"]
[EventCountry "HUN"]
[SourceTitle "EXT 2013"]
[Source "ChessBase"]
[SourceDate "2012.11.22"]
[SourceVersion "1"]
[SourceVersionDate "2012.11.22"]
[SourceQuality "1"]
[WhiteTeam "Gyula"]
[BlackTeam "Mako"]
[WhiteTeamCountry "HUN"]
[BlackTeamCountry "HUN"]

1. d4 Nf6 2. Nf3 e6 3. g3 b6 4. c4 Bb7 5. Bg2 Be7 6. 0-0 0-0 7. Nc3 Ne4 8. Bd2 f5 9. d5 Nxd2 10. Nxd2 Qc8 11. e4 g6 12. Re1 Bf6 13. e5 Bg7 14. f4 Re8 15. Rc1 Bf8 16. Nb3 Na6 17. Na4 c5 18. Nc3 Rd8 19. Qe2 Nc7 20. Bf3 a5 21. a4 Rb8 22. h4 Ba6 23. Nd2 Ne8 24. h5 Bh6 25. hxg6 hxg6 26. Qh2 Bg7 27. d6 Kf7 28. g4 Bb7 29. gxf5 exf5 30. Nd5 Bxd5 31. Bxd5+ Kf8 32. Qh7 1-0

[Event "HUN-chT2 Toth 1112"]
[Site "Hungary"]
[Date "2011.10.30"]
[Round "2.7"]
[White "Tamas, Kornel"]
[Black "Nagy, Jozsef"]
[Result "1-0"]
[WhiteElo "1953"]
[BlackElo "1864"]
[PlyCount "65"]
[EventDate "2011.09.25"]
[EventType "team-tourn"]
[EventRounds "11"]
[EventCountry "HUN"]
[SourceTitle "EXT 2013"]
[Source "ChessBase"]
[SourceDate "2012.11.22"]
[SourceVersion "1"]
[SourceVersionDate "2012.11.22"]
[SourceQuality "1"]
[WhiteTeam "Gyula"]
[BlackTeam "KHTK"]
[WhiteTeamCountry "HUN"]
[BlackTeamCountry "HUN"]

1. d4 f5 2. Nf3 Nf6 3. g3 e6 4. Bg2 d5 5. 0-0 Be7 6. c4 c6 7. Nbd2 Nbd7 8. b3 Ne4 9. Bb2 0-0 10. Ne5 Nxe5 11. dxe5 Nxd2 12. Qxd2 b6 13. Rac1 Bb7 14. Rfd1 Qd7 15. f4 Rfd8 16. e4 fxe4 17. Bxe4 Qe8 18. cxd5 exd5 19. Bf3 Qf8 20. Rc2 Rab8 21. Qg2 Qf7 22. a3 Ba8 23. Re2 Qe6 24. g4 d4 25. Rd3 c5 26. Bxa8 Rxa8 27. f5 Qd5 28. Qf2 Bg5 29. Qg2 Be3+ 30. Kf1 Qxe5 31. Rexe3 Qxe3 32. Rxe3 dxe3 33. Qb7 1-0